Wheeler's Advanced Computer Science Question Bank (Record no. 8341)

MARC details
000 -LEADER
fixed length control field 00408nam a2200157 4500
020 ## - INTERNATIONAL STANDARD BOOK NUMBER
ISBN 8175442123
020 ## - INTERNATIONAL STANDARD BOOK NUMBER
ISBN 9788175442122
082 ## - DEWEY DECIMAL CLASSIFICATION NUMBER
Classification number 004BAS
100 ## - MAIN ENTRY--AUTHOR NAME
Personal name Basandra, Suresh K.
245 ## - TITLE STATEMENT
Title Wheeler's Advanced Computer Science Question Bank
260 ## - PUBLICATION, DISTRIBUTION, ETC. (IMPRINT)
Place of publication India:
Name of publisher Wheeler Publishing,
Year of publication 2000.
300 ## - PHYSICAL DESCRIPTION
Number of Pages 839p. ;
650 ## - SUBJECT ADDED ENTRY--TOPICAL TERM
Topical Term computr science question Bank
700 ## - ADDED ENTRY--PERSONAL NAME
Personal name Basandra, Karuna
942 ## - ADDED ENTRY ELEMENTS (KOHA)
Koha item type Books
Holdings
Withdrawn status Lost status Collection code Home library Current library Date acquired Full call number Accession Number Koha item type
    Reference Reference Section Reference Section 23/07/2014 004BAS (Shelf-02A) 23769 Books